European Geography By Letter - Y - Statistics

General Stats
  • This quiz has been taken 580 times
    318 since last reset
  • The average score is 9 of 16
Answer Stats
Clue Answer % Correct
Country that existed between 1918-1992 Yugoslavia
96%
City in northern England known as Eboracum during Roman times York
92%
This disease killed thousands in Spain in the early 19th century {Yellow} fever
82%
Traditional form of singing in the Alps Yodeling
82%
Historic county where the city above is located Yorkshire
81%
Greek food tzatziki is made with this dairy component Yogurt
80%
During WWII, the Allies held a conference in this Crimean town Yalta
74%
Recognised minority language in six European countries Yiddish
69%
Russia's fourth-largest city, located in the middle of Eurasia Yekaterinburg
58%
Belgian city where several WWI battles took place Ypres
54%
British town whose local football team plays in the National League Yeovil
25%
Tiny mining town in Sweden where six chemical elements were discovered Ytterby
18%
City that is part of the Golden Ring of Russia Yaroslavl
15%
Capital of Mari El Republic, Russia {Yoshkar}-Ola
11%
Department of France where Versailles is located Yvelines
10%
Southeastern Bulgarian city which lies in the banks of river Tundzha Yambol
6%
No matching quizzes found
Score Distribution
Percent of People with Each Score
Percentile by Number Answered
Your Score History
You have not taken this quiz since the last reset